LEADER 01989nam a2200385 u 4500 001 000000080475 003 CaOOAMICUS 005 20190426093434.0 008 041123s2003 gw a u000 u lat u 020 $a3402047497 020 $a3402047500 020 $a3402047519 032 $aLibriCat 035 $a11016229 040 $aPUL$bita 100 0 $aAlbertus Magnus,$cs., vesc. di Regensburg,$dc. 1193-1280.$0(OLS)http://pul/name/153 240 10$aMeteora.$0(OLS)http://pul/title/105394 245 10$aAlberti Magni Ordinis Fratrum Praedicatorum Meteora /$cedit Paulus Hossfeld. 260 $aMonasterii Westfalorum :$bin aedibus Aschendorff,$c2003. 300 $axxvi, 346 p. :$bill. ;$c33 cm 490 1 $aSancti doctoris Ecclesiae Alberti Magni Ordinis Fratrum Praedicatorum Episcopi opera omnia ;$vt. 6, p. 1 700 1 $aHossfeld, Paul?.$0(OLS)http://pul/name/110307 800 0 $aAlbertus Magnus,$cs., vesc. di Regensburg,$dc. 1193-1280.$tOpera omnia ;$vt. 6, p. 1.$0(OLS)http://pul/nameTitle/1532$0(OLS)http://pul/name/153$0(OLS)http://pul/title/2415 830 0$aSancti doctoris Ecclesiae Alberti Magni Ordinis Fratrum Praedicatorum Episcopi opera omnia ;$vt. 6, p. 1.$0(OLS)http://pul/title/196 850 $aPUL 852 $aPUL$W1$xSL Religione 1$y3$m77 B 3.6.1$j102761$nBK-PRI$bt. 6, p. 1$qStampati$B102761$CPULBib$Z2$F102761 $H95806 $81 900 $aAlberto Magno,$cs., vesc. di Regensburg$dc.1193-1280.$9153 900 $aAlberto Magno,$cs., vesc. di Regensburg$dc.1193-1280.$9153 941 1 $a8 996 $6020$a3402047497$9(OLS)http://pul/number/106463 996 $6020$a3402047500$9(OLS)http://pul/number/106464 996 $6020$a3402047519$9(OLS)http://pul/number/106465 996 $6245$aAlberti Magni Ordinis Fratrum Praedicatorum Meteora$9(OLS)http://pul/title/105395 996 $6260$aMonasterii Westfalorum :$bin aedibus Aschendorff$9(OLS)http://pul/publisher/47930 LEADER 01481nam a2200301 u 4500 001 000000107936 003 CaOOAMICUS 005 20071030142652.0 008 071030s2007 it u000 u ita u 020 $z978-88-6132-077-2* 040 $aPUL$bita$dLDB 110 1 $aItalia.$kLeggi, statuti, ecc.$0(OLS)http://pul/name/10145 245 13$aIl codice della legislazione antimafia e le altre forme di criminalità organizzata commentato con la giurisprudenza /$ca cura di Marco Angelini, Luigi Tramontano. 260 $aPiacenza :$bLa Tribuna,$c2007. 300 $a989 p. ;$c20 cm. 490 1 $a2007 i codici commentati 500 $aTesto su due colonne. 500 $aInclude indici. 650 4$aCriminalità organizzata$xLegislazione penale.$0(OLS)http://pul/subject/33648 700 1 $aAngelini, Marco.$0(OLS)http://pul/name/66188 700 1 $aTramontano, Luigi,$d1967-$0(OLS)http://pul/name/34460 830 0$a2007 i codici commentati.$0(OLS)http://pul/title/135886 850 $aPUL 852 $aPUL$W1$xSL Diritto e Scienze Sociali 3$y79$m348. 45 COD 3.2.1$j122775$qDDC 21$B121761$CPULBib$Z2$F121761 $H105257 $82 941 1 $a9 996 $6020$z978-88-6132-077-2*$9(OLS)http://pul/number/136108 996 $6245$aIl codice della legislazione antimafia e le altre forme di criminalità organizzata commentato con la giurisprudenza$9(OLS)http://pul/title/135895 996 $6260$aPiacenza :$bLa Tribuna$9(OLS)http://pul/publisher/69734